| 000 | 02369cam a22004694i 4500 | ||
|---|---|---|---|
| 003 | PE-LiUPU | ||
| 005 | 20250731173510.0 | ||
| 008 | 150623s r 000 0 d | ||
| 020 | _a0802880541 | ||
| 035 | _a(Sirsi) i9780802880543 | ||
| 040 |
_aPE-LiUPU _bspa _cPE-LiUPU _erda |
||
| 049 | _aPRUA | ||
| 082 | 0 | 4 |
_a270.9 _bS311910 _221 |
| 100 | 1 |
_aSchaff, Philip, _eautor. |
|
| 245 | 1 | 0 |
_aHistory of the christian church. _n8,Modern Christianity / _cPhilip Schaff. |
| 264 | 1 |
_aMichigan : _bWm. B. Eerdmans Publishing Company, _c1910. |
|
| 300 |
_a890 páginas ; _c22 centímetros |
||
| 336 |
_atext _2rdacontent |
||
| 337 |
_aunmediated _2rdamedia |
||
| 338 |
_avolume _2rdacarrier |
||
| 505 | 0 | _aSwitzerland before the reformation. Zwingli's training. The reformation in Zurich. Spread of the reformation in german Swtzerland and the Grisons. The civil and religious war between the roman catholic and reformed cantons. The period of consolidation. The preparatory work. John calvin and his work. From france to Switzarland. Calvin's first sojourn and labors in geneva. Calvin in Germany. Calvin's second sojourn and labors at geneva. Constitution and discipline of the church of geneva. The theology of calvin. Doctrinal controversies. Servetus. Calvin Abroad. Closing scenes in the life of calvin. Theodore Beza. | |
| 526 | _aSEG42 | ||
| 526 | _aSEG41 | ||
| 526 | _aSEG40 | ||
| 526 | _aSEG39 | ||
| 526 | _aP94 | ||
| 526 | _aP87 | ||
| 526 | _aP86 | ||
| 526 | _aP85 | ||
| 526 | _aP77 | ||
| 526 | _aP76 | ||
| 526 | _aP35 | ||
| 650 | 0 | 4 |
_aIglesia _xHistoria _yEdad Moderna. |
| 942 |
_2ddc _cBOOK |
||
| 949 |
_a270.9 S31 8 1910 _wDEWEY _c1 _i52959 _lCCODEBUL1 _mBUL _p25.00 _r0 _sY _tBOOK _u2015-6-24 _xTEOLOGIA _PP35 _0COMPRA _o.STAFF. Colección General |
||
| 949 |
_a270.9 S31 8 _wDEWEY _c1 _i40758 _lCCODEBUL1 _mBUL _r0 _sY _tBOOK _u2015-6-16 _xTEOLOGIA _zUNKNOWN _0COMPRA _o.STAFF. Colección General |
||
| 994 |
_aC0 _bPEPRU |
||
| 596 | _a1 | ||
| 999 |
_a270.9 S31 8 _wDEWEY _c58546 _i40758 _f2021-11-11 _g5 _lCCODEBUL1 _mBUL _r0 _sY _tBOOK _u2015-6-16 _xTEOLOGIA _zUNKNOWN _0COMPRA _o.STAFF. Colección General _d58546 |
||
| 999 |
_a270.9 S31 8 1910 _wDEWEY _c1 _i52959 _f2021-11-11 _g5 _lCCODEBUL1 _mBUL _p25.00 _r0 _sY _tBOOK _u2015-6-24 _xTEOLOGIA _PP35 _0COMPRA _o.STAFF. Colección General |
||
| 980 |
_81 _gALBERTO SANCHEZ Responsable de Automatización |
||